01196cam a2200325 i 45000010008000000030004000080050017000120080041000290100017000700150014000870200033001010400018001340410013001520500020001650820016001851000024002012450264002252600066004893000027005554900036005825000023006185040032006416500015006736500034006887000035007227000041007579060045007989420012008439990015008551744080OSt20230629140422.0760817s1975 it b 000 0 eng  a 75018519  aIt76-Feb. a0379002132 (Oceana):cL15000 aDLCcDLCdDLC0 aengbfre00aK133b.C37 197500a347.01bCAP1 aCappelletti, Mauro.10aToward equal justice :ba comparative study of legal aid in modern societies : (text and materials) /cMauro Cappelletti, James Gordley, & Earl Johnson ; with original contributions by P. O. Bolding ... [et al.] ; general editor of materials, Vincenzo Varano. aMilano :bA. Giuffrè ;aDobbs Ferry, N.Y. :bOceana,c1975. axxvi, 756 p. ;c24 cm.0 aStudies in comparative law ; 13 aSummary in French. aBibliography: p. [727]-743. 0aLegal aid. 0aLegal assistance to the poor.1 aGordley, James,ejoint author.1 aJohnson, Earl,d1933-ejoint author. a7bcbccorignewd2eocipf19gy-gencatlg 2ddccBK c3095d3095